ABC 1970's Prime Time Schedule Quiz Stats

 Plays Quiz not verified by Sporcle

Challenge
Share
Tweet
Embed
Score 0/235 Timer 20:00
0 Plays Today
Year Show % Correct
1976Happy Days
87.1%
1974Happy Days
84.1%
1975Happy Days
84.1%
1977Happy Days
84.1%
1978Happy Days
84.1%
1979Happy Days
84.1%
1976Laverne & Shirley
78.8%
1977Laverne & Shirley
78.8%
1978Laverne & Shirley
78.8%
1979Laverne & Shirley
78.8%
1977The Love Boat
77.3%
1978The Love Boat
77.3%
1979The Love Boat
77.3%
1978Fantasy Island
72%
1979Fantasy Island
72%
1976Charlie's Angels
68.9%
1977Charlie's Angels
68.9%
1978Charlie's Angels
68.9%
1979Charlie's Angels
68.9%
1970ABC Monday Night Football
65.9%
1971ABC Monday Night Football
65.9%
1972ABC Monday Night Football
65.9%
1973ABC Monday Night Football
65.9%
1974ABC Monday Night Football
65.9%
1975ABC Monday Night Football
65.9%
1976ABC Monday Night Football
65.9%
1977ABC Monday Night Football
65.9%
1978ABC Monday Night Football
65.9%
1979ABC Monday Night Football
65.9%
1970The ABC Sunday Night Movie
63.6%
1971The ABC Sunday Night Movie
63.6%
1972ABC Sunday Night Movie
63.6%
1973ABC Sunday Night Movie
63.6%
1974ABC Sunday Night Movie
63.6%
1975ABC Sunday Night Movie
63.6%
1975ABC Friday Night Movie
63.6%
1976ABC Sunday Night Movie
63.6%
1976ABC Friday Night Movie
63.6%
1977ABC Sunday Night Movie
63.6%
1978Mork & Mindy
61.4%
1979Mork & Mindy
61.4%
1977Three's Company
58.3%
1978Three's Company
58.3%
1979Three's Company
58.3%
1970Movie of the Week
57.6%
1971Movie of the Week
57.6%
1971ABC Movie of the Weekend
57.6%
1972Tuesday Movie of the Week
57.6%
1972Wednesday Movie of the Week
57.6%
1973Tuesday Movie of the Week
57.6%
1973Wednesday Night Movie of the Week
57.6%
1973ABC Suspense Movie
57.6%
1974Tuesday Movie of the Week
57.6%
1974Wednesday Movie of the Week
57.6%
1977ABC Friday Movie
57.6%
1978ABC Sunday Movie
57.6%
1978ABC Friday Movie
57.6%
1979ABC Sunday Movie
57.6%
1979ABC Friday Movie
57.6%
1970Love American Style
52.3%
1971Love American Style
52.3%
1972Love American Style
52.3%
1973Love American Style
52.3%
1970The Brady Bunch
50.8%
1971The Brady Bunch
50.8%
1972The Brady Bunch
50.8%
1973The Brady Bunch
50.8%
1975Baretta
50.8%
1976Baretta
50.8%
1977Baretta
50.8%
1975The Six Million Dollar Man
50%
1976The Six Million Dollar Man
50%
1977The Six Million Dollar Man
50%
1970The Mod Squad
47.7%
1971The Mod Squad
47.7%
1972The Mod Squad
47.7%
1977Soap
47%
1978Soap
47%
1979Soap
47%
Year Show % Correct
1970The Odd Couple
46.2%
1971The Odd Couple
46.2%
1972The Odd Couple
46.2%
1973The Odd Couple
46.2%
1974The Odd Couple
46.2%
1970The Partridge Family
45.5%
1971The Partridge Family
45.5%
1972The Partridge Family
45.5%
1973The Partridge Family
45.5%
1975Welcome Back Kotter
44.7%
1975Starsky & Hutch
44.7%
1976Welcome Back Kotter
44.7%
1976Starsky & Hutch
44.7%
1977Eight is Enough
44.7%
1977Welcome Back Kotter
44.7%
1977Starsky & Hutch
44.7%
1978Welcome Back Kotter
44.7%
1978Starsky & Hutch
44.7%
1978Eight is Enough
44.7%
1979Eight is Enough
44.7%
1976Family
43.9%
1977Family
43.9%
1978Family
43.9%
1976The Bionic Woman
41.7%
1970Room 222
40.2%
1971Room 222
40.2%
1972Room 222
40.2%
1973Room 222
40.2%
1974The Six Million Dollar ManSix Million Dollar Man
40.2%
1978Taxi
37.1%
1979Taxi
37.1%
1975S.W.A.T.
36.4%
1970Bewitched
35.6%
1971Bewitched
35.6%
1972The Streets of San Francisco
34.8%
1973The Streets of San Francisco
34.8%
1974The Streets of San Francisco
34.8%
1975The Streets of San Francisco
34.8%
1976The Streets of San Francisco
34.8%
1979Angie
34.8%
1975Barney Miller
34.1%
1976Barney Miller
34.1%
1977Barney Miller
34.1%
1978Barney Miller
34.1%
1979Barney Miller
34.1%
1979Benson
30.3%
1978Vega$
29.5%
1979Vega$
29.5%
1979The Ropers
29.5%
1970That Girl
28.8%
1970Marcus Welby, M.D.
28%
1971Marcus Welby, M.D.
28%
1972The Rookies
28%
1972Marcus Welby, M.D.
28%
1973The Rookies
28%
1973Marcus Welby, M.D.
28%
1974The Rookies
28%
1974Marcus Welby, M.D.
28%
1975The Rookies
28%
1975Marcus Welby, M.D.
28%
197920-20
28%
1972The Paul Lynde Show
25%
1979Hart to Hart
24.2%
1970The F.B.I.
23.5%
1971The F.B.I.
23.5%
1972The F.B.I.
23.5%
1973The F.B.I.
23.5%
1974Sonny Comedy Review
23.5%
1973Bob & Carol & Ted & Alice
22%
1977What's Happening
22%
1978What's Happening
22%
1973Kung Fu
21.2%
1974Kolchak: The Night Stalker
21.2%
1974Kung Fu
21.2%
1979240 - Robert
21.2%
1972Temperatures Rising
18.9%
1973Temperatures Rising
18.9%
1970The Courtship of Eddie's Father
18.2%
1970Make Room for Grandaddy
18.2%
Year Show % Correct
1971The Courtship of Eddie's Father
18.2%
1974That's My Mama
17.4%
1975That's My Mama
17.4%
1977Hardy Boys Nancy Drew Mysteries
17.4%
1978Battlestar Galactica
17.4%
1979The Associates
17.4%
1978Hardy Boy Mysteries
16.7%
1971Shirley's World
15.2%
1976Donny & Marie
15.2%
1977Carter Country
13.6%
1978Carter Country
13.6%
1971Alias Smith and Jones
12.9%
1972Alias Smith and Jones
12.9%
1976Cos
12.1%
1974Paper Moon
11.4%
1977Fish
11.4%
1970Nanny and the Professor
10.6%
1970The Lawrence Welk Show
10.6%
1971Nanny and the Professor
10.6%
1976The Tony Randall Show
10.6%
1976The Captain and Tennille
9.8%
1976Holmes & Yo-Yo
9.8%
1977The Captain and Tennille
9.8%
1973Toma
9.1%
1975Saturday Night Live with Howard Cosell
9.1%
1974Get Christie Love
8.3%
1976The Nancy Walker Show
8.3%
1970Let's Make a Deal
7.6%
1976Rich Man, Poor Man - Book II
7.6%
1976Mr. T and Tina
7.6%
1977Donnie & Marie
7.6%
1978Donnie & Marie
7.6%
1970This is Tom Jones
6.1%
1970The Newlywed Game
6.1%
1971Owen Marshall
6.1%
1972Owen Marshall
6.1%
1973Owen Marshall
6.1%
1974Harry - O
6.1%
1974Texas Wheelers
6.1%
1975Swiss Family Robinson
6.1%
1975Harry - O
6.1%
1973Adam's Rib
5.3%
1975The Barbary Coast
5.3%
1977Operation Petticoat
5.3%
1978Operation Petticoat
5.3%
1970Young Rebels
4.5%
1970The Johnny Cash Show
4.5%
1970Barefoot in the Park
4.5%
1972The Sixth Sense
4.5%
1973Griff
4.5%
1974Kodiak
4.5%
1975On the Rocks
4.5%
1970Young Lawyers
3.8%
1970Silent Force
3.8%
1970Dan August
3.8%
1971Longstreet
3.8%
1971Getting Together
3.8%
1971The Persuaders
3.8%
1974Nakia
3.8%
1977The Redd Foxx Show
3.8%
1978Apple Pie
3.8%
1979Out of the Blue
3.8%
1979Detective School
3.8%
1970Matt Lincoln
3%
1970The Immortal
3%
1970The Most Deadly Game
3%
1974The New Land
3%
1979Lazarus Syndrome
3%
1971The Smith Family
2.3%
1971Man and the City
2.3%
1972The Julie Andrews Hour
2.3%
1972The Men: Assignment Vienna, Delphi Bureau, Jigsaw
2.3%
1975Mobile One
2.3%
1975Matt Helm
2.3%
1976Most Wanted
2.3%
1979A New Kind of Family
2.3%
1975When Things Were Rotton
1.5%

You're not logged in!

Compare scores with friends on all Sporcle quizzes.
Join for Free
OR
Log In

You Might Also Like...

Show Comments

Extras

Top Quizzes Today


Score Distribution

Your Account Isn't Verified!

In order to create a playlist on Sporcle, you need to verify the email address you used during registration. Go to your Sporcle Settings to finish the process.

Report this User

Report this user for behavior that violates our Community Guidelines.

Details: